000 00435nam a2200169 a 4500
001 28299
005 20180713231147.0
008 140415s2002 mx 000 0 spa d
020 _a9701035526
041 _aspa
082 _a657
_bNAP
100 1 _aCARDENAS Y NAPOLES, RAÚL
245 1 0 _aPRESUPUESTO Y TEORÍA PRACTICA
250 _a1a ed.
260 _aMEXICO :
_bMC GRAW HILL,
_c2002
650 1 4 _aCONTABILIDAD
999 _c28299
_d28299